000 00998nam a2200241 i 4500
001 181835
003 ES-MaACL
005 20250815024920.0
008 130408s1879 sp |||| | spa d
100 1 _aWernich, A.
_9152581
245 1 0 _aFormas y curso clínico de la lepra /
_cpor A. Wernich ; traducida directamente del alemán por Isidoro de Miguel y Viguri.
260 _aMadrid :
_b[s.n.],
_c1879 (
_fImprenta de Enrique Teodoro)
300 _a34 p. ;
_c23 cm.
490 1 _aBiblioteca Económica de Medicina y Cirujía
490 1 _aColección de historias clínicas alemanas publicadas por Ricardo Wolkmann
650 0 4 _aLepra.
_914372
700 0 _aMiguel y Viguri, Isidoro de.
_981043
830 0 _aBiblioteca económica de medicina y cirujía
_9186248
830 0 0 _aColección de historias clínicas alemanas publicadas por Ricardo Wolkmann
_9188128
852 _aES-MaACL
_jB-12700(6)
_z.- Enc. en un vol. facticio
999 _c181835
_d181835